000 00360nam a2200157Ia 4500
003 OSt
005 20240102072924.0
008 170523s9999 xx 000 0 und d
020 _a0071183124
040 _ciimt university meerut
100 _aBEAMISH- PAUL W
245 0 _aSTRATEGIC MANAGEMENT
260 _bMC GRAW HILL
260 _c2000
942 _2ddc
_c02
999 _c1144
_d1144